000 00580 a2200169 4500
003 Nust
005 20221130142024.0
040 _cNust
082 _a621.3815,THO
100 _aThorn EMI
_9103828
245 _aAn introduction to Digital Techniques
_cThorn EMI
_blogic gates,flip-flops,counters and shift registers /
260 _aLondon
_bMacmillan Education ltd
_c1984
300 _a103p;
505 _aPart 1: Logic Gates (Page-1), Part 2: Flip-Flops (Page-33), Part 3: Counters and Shift registers (Page-65).
650 _aTelecommunication engineering
942 _2ddc
_cBK
999 _c197115
_d197115